Statistics for Every "Free" Country

Click here to take the quiz!

General Stats

  • This quiz has been taken 195 times
    (96 since last reset)
  • The average score is 66 of 83

Answer Stats

ScoreCountry% Correct
95Australia
98%
98Canada
98%
93United Kingdom
98%
95Portugal
94%
83South Korea
94%
90Spain
94%
83United States
94%
94Estonia
92%
100Finland
92%
87Greece
92%
97Ireland
92%
96Japan
92%
88Latvia
92%
99New Zealand
92%
100Norway
92%
100Sweden
92%
93Andorra
91%
97Denmark
91%
94Germany
91%
90Italy
91%
93Austria
89%
79Bulgaria
89%
90Liechtenstein
89%
89Lithuania
89%
97Luxembourg
89%
81Poland
89%
83Romania
89%
93San Marino
89%
73Brazil
87%
89France
87%
97Netherlands
87%
90Slovakia
87%
90Slovenia
87%
96Belgium
85%
94Chile
85%
94Iceland
85%
96Switzerland
85%
93Cyprus
81%
89Malta
81%
83Panama
81%
79South Africa
81%
94Taiwan
81%
85Croatia
79%
91Czechia
79%
71Ecuador
79%
76Israel
79%
84Monaco
79%
97Uruguay
79%
84Argentina
77%
72Peru
75%
91Saint Vincent and the Grenadines
75%
91Costa Rica
74%
93Dominica
74%
89Saint Kitts and Nevis
74%
92Saint Lucia
74%
79Suriname
74%
93Tuvalu
74%
95Barbados
72%
73Guyana
72%
80Jamaica
72%
91The Bahamas
72%
82Vanuatu
72%
85Antigua and Barbuda
70%
87Belize
70%
89Grenada
70%
86Mauritius
68%
83Samoa
68%
79Seychelles
68%
79Tonga
68%
92Micronesia
66%
77Nauru
66%
92Palau
66%
79Solomon Islands
66%
82Trinidad and Tobago
66%
80Ghana
64%
93Marshall Islands
62%
92Cape Verde
60%
93Kiribati
60%
77Namibia
58%
84Sao Tome and Principe
57%
84Mongolia
55%
72Botswana
51%
72East Timor
38%

Score Distribution

Percentile by Number Answered

Percent of People with Each Score

Your Score History

You have not taken this quiz since the last reset